Chemical Process Safety: (Record no. 565765)

000 -LEADER
fixed length control field 00334nam a2200121Ia 4500
008 - FIXED-LENGTH DATA ELEMENTS--GENERAL INFORMATION
fixed length control field 210430s9999 xx 000 0 und d
082 ## - DEWEY DECIMAL CLASSIFICATION NUMBER
Classification number 660.2804 C937C
100 ## - MAIN ENTRY--PERSONAL NAME
Personal name Crowl , Daniel A.
9 (RLIN) 54874
245 ## - TITLE STATEMENT
Title Chemical Process Safety:
Statement of responsibility, etc. Crowl , Daniel A.
260 ## - PUBLICATION, DISTRIBUTION, ETC.
Name of publisher, distributor, etc. Pearson Education Inc.
Date of publication, distribution, etc. 2013
300 ## - PHYSICAL DESCRIPTION
Extent 705p.
942 ## - ADDED ENTRY ELEMENTS (KOHA)
Koha item type Reference
Source of classification or shelving scheme
Holdings
Withdrawn status Lost status Damaged status Not for loan Permanent Location Current Location Shelving location Date acquired Total Checkouts Full call number Barcode Date last seen Price effective from Koha item type
        School of Chemical & Materials Engineering (SCME) School of Chemical & Materials Engineering (SCME) Reference     660.2804 C937C SCME-4714 04/30/2021 04/30/2021 Reference
© 2023 Central Library, National University of Sciences and Technology. All Rights Reserved.